00534nam a22002177a 450000500170000001000110001702000100002803500110003803700160004904000120006508200150007710000190009224500610011126000430017227000190021530000200023450000180025465000180027265000230029070000030031320170124110054.0 a965443 c00.00 a965443 bCen Lib/Ret aDPLbEN a649.1bWHY aWhyte, Dorothy aTeaching your child right from wrong /cby Dorothy Whyte aLondonbFrederick Muller Limitedc1963 aLondonbLondon a192p.c17cm(Hb) aInclude index aChild rearing aStudy and Teaching